Документация по охране труда в организации: практическое пособие

Dettagli Bibliografici
Autore principale: Ефремова О. С. Ольга Сергеевна
Riassunto:В книге приведен перечень локальных нормативных документов по охране труда, которые должны быть разработаны в организации. Даны рекомендации по их разработке, заполнению и хранению. Для руководителей предприятий, кадровых служб и служб охраны труда.
Lingua:russo
Pubblicazione: Москва, Альфа-Пресс, 2014
Edizione:4-е изд., перераб. и доп.
Soggetti:
Natura: MixedMaterials Libro
KOHA link:https://koha.lib.tpu.ru/cgi-bin/koha/opac-detail.pl?biblionumber=274320

MARC

LEADER 00000nam0a2200000 4500
001 274320
005 20231101234721.0
010 |a 9785942806279 
035 |a (RuTPU)RU\TPU\book\297530 
035 |a RU\TPU\book\291954 
090 |a 274320 
100 |a 20141105d2014 m y0rusy50 ca 
101 0 |a rus 
102 |a RU 
105 |a y j 000zy 
200 1 |a Документация по охране труда в организации  |e практическое пособие  |f О. С. Ефремова 
205 |a 4-е изд., перераб. и доп. 
210 |a Москва  |c Альфа-Пресс  |d 2014 
215 |a 135 с. 
330 |a В книге приведен перечень локальных нормативных документов по охране труда, которые должны быть разработаны в организации. Даны рекомендации по их разработке, заполнению и хранению. Для руководителей предприятий, кадровых служб и служб охраны труда. 
606 1 |a Охрана труда  |x Метрологическое обеспечение  |2 stltpush  |3 (RuTPU)RU\TPU\subj\47889  |9 66798 
610 1 |a труд 
610 1 |a охрана 
610 1 |a охрана труда 
610 1 |a организации 
610 1 |a документация 
610 1 |a нормативные документы 
610 1 |a разработка 
610 1 |a заполнение 
610 1 |a хранение 
610 1 |a оборудование 
610 1 |a эксплуатация 
610 1 |a пожарная безопасность 
610 1 |a транспорт 
610 1 |a внутризаводской транспорт 
610 1 |a формы 
610 1 |a журналы учета 
610 1 |a образцы 
610 1 |a практические пособия 
675 |a 658.345(075)  |v 3 
700 1 |a Ефремова  |b О. С.  |g Ольга Сергеевна 
801 1 |a RU  |b 63413507  |c 20140909 
801 2 |a RU  |b 63413507  |c 20141110  |g RCR 
942 |c BK 
959 |a 128/20140908  |d 2  |e 144,10  |f ЧЗТЛ:1  |f АНЛ:1